000 00818nam a2200265 a 4500
001 000017381
005 20240502121040.0
008 100323s2005 cu a r 000 0 spa d
020 _a9592583366
020 _a9592583382
040 _aDO-SdBNP
_bspa
_cBNPHU
082 _a631.4
_bC136e
100 1 _aCairo Cairo, Pedro
_938057
245 1 0 _aEdafología :
_bSegunda parte /
_cPedro Cairo Cairo, Onelio Fundora Herrera.
250 _a1ra reimpresión
260 _aLa Habana, Cuba :
_bFélix Varela,
_c2005.
300 _axvi, 476 p. :
_bil. ;
_c21 cm.
500 _aIncluye bibliografía (p. 475-476).
650 4 _aEdafología
_938058
650 4 _aGeografía del suelo
_938059
650 0 _aAgricultura
_92309
700 1 _aFundora Herrera, Oneli
_938060
910 _aCatalogación original
049 _aBNGR
999 _c16906
_d16906